000 00644nam a2200229Ia 4500
003 OSt
005 20220923221619.0
006 a|||||r|||| 00| 0
007 ta
008 220922b |||||||| |||| 00| 0 hin d
024 _a198,634
037 _cTextual
040 _aARTS
_cARTS
_bhin
041 _2hin
_ahin
082 _aP152:7, K2
100 _aसदाशिवम, एस
245 0 _aपत्र व्यावहार तथा अनुवाद
246 _aPatra vyāvahār tathā anuvāda
260 _c1962
942 _hP152:7, K2
_cTEXL
_2CC
999 _c350443
_d350443